00645nam a2200205Ia 4500003000900000008004100009040001600050080001800066245009000084250001200174260003500186300001000221650001800231650001900249650002700268700002800295942000700323999001500330952009400345IN-BaIIA211028s9999 xx 000 0 eng d cIIA Library a92(54)bREF-1 0aReference Indiacedited by K. L. Gupta  a2nd ed. aDelhibTradesman and Menc1975 a416p. aGeneral99574 aNASA thesaurus aReference India910457 aGupta, K. L., ed.94328 cBK c6028d6028 00104070aBANbBANcGENd1978-11-30l0o92(54)/ REF-1p6734r2021-11-05w1978-11-30yBK